Machine Drawing / (Record no. 32127)

000 -LEADER
fixed length control field 00595 a2200205 4500
003 - CONTROL NUMBER IDENTIFIER
control field OSt
005 - DATE AND TIME OF LATEST TRANSACTION
control field 20260218131406.0
008 - FIXED-LENGTH DATA ELEMENTS--GENERAL INFORMATION
fixed length control field 260218b ||||| |||| 00| 0 eng d
020 ## - INTERNATIONAL STANDARD BOOK NUMBER
International Standard Book Number 9789387788305
040 ## - CATALOGING SOURCE
Transcribing agency .
082 ## - DEWEY DECIMAL CLASSIFICATION NUMBER
Classification number 621.815
Item number N2187
100 ## - MAIN ENTRY--PERSONAL NAME
9 (RLIN) 6624
Personal name Narayana, K. L.
245 ## - TITLE STATEMENT
Title Machine Drawing /
Statement of responsibility, etc. K. L. Narayana P. Kannaiah and K. Venketa Reddy
260 ## - PUBLICATION, DISTRIBUTION, ETC.
Name of publisher, distributor, etc. New Age International Pvt Ltd Publishers 
Place of publication, distribution, etc. New Delhi :
Date of publication, distribution, etc. 2019.
300 ## - PHYSICAL DESCRIPTION
Extent 468 p.
650 #0 - SUBJECT ADDED ENTRY--TOPICAL TERM
9 (RLIN) 975
Topical term or geographic name entry element Machine Drawing
700 ## - ADDED ENTRY--PERSONAL NAME
9 (RLIN) 6625
Personal name Kannaiah, P.
9 (RLIN) 6626
Personal name Reddy, K. Venketa
942 ## - ADDED ENTRY ELEMENTS (KOHA)
Source of classification or shelving scheme
Koha item type Books
Holdings
Withdrawn status Lost status Source of classification or shelving scheme Damaged status Not for loan Collection code Permanent Location Current Location Shelving location Date acquired Source of acquisition Cost, normal purchase price Full call number Barcode Date last seen Cost, replacement price Price effective from Koha item type
          Non-fiction IMU Kolkata IMU Kolkata Reference 2026-03-10 30 319.20 621.815 N2187 14806 2026-03-10 399.00 2026-03-10 Books
          Non-fiction IMU Kolkata IMU Kolkata   2026-03-10 30 319.20 621.815 N2187 14807 2026-03-10 399.00 2026-03-10 Books
          Non-fiction IMU Kolkata IMU Kolkata Reference 2026-03-10 30 319.20 621.815 N2187 14808 2026-03-10 399.00 2026-03-10 Books
          Non-fiction IMU Kolkata IMU Kolkata   2026-03-10 30 319.20 621.815 N2187 14809 2026-03-10 399.00 2026-03-10 Books
          Non-fiction IMU Kolkata IMU Kolkata   2026-03-10 30 319.20 621.815 N2187 14810 2026-03-10 399.00 2026-03-10 Books
          Non-fiction IMU Kolkata IMU Kolkata   2026-03-10 30 319.20 621.815 N2187 14811 2026-03-10 399.00 2026-03-10 Books
          Non-fiction IMU Kolkata IMU Kolkata   2026-03-10 30 319.20 621.815 N2187 14812 2026-03-10 399.00 2026-03-10 Books
          Non-fiction IMU Kolkata IMU Kolkata   2026-03-10 30 319.20 621.815 N2187 14813 2026-03-10 399.00 2026-03-10 Books
          Non-fiction IMU Kolkata IMU Kolkata   2026-03-10 30 319.20 621.815 N2187 14814 2026-03-10 399.00 2026-03-10 Books
          Non-fiction IMU Kolkata IMU Kolkata   2026-03-10 30 319.20 621.815 N2187 14815 2026-03-10 399.00 2026-03-10 Books
Designed and Maintained by IMU-KC Library, Kolkata Campus © Copyright All Rights Reserved

webs counters

Powered by Koha